[Event "SVK-chT2D 1516"]
[Site "Slovakia"]
[Date "2015.12.05"]
[Round "5.5"]
[White "Valentik, Roman"]
[Black "Gajdos, Jozef"]
[Result "1-0"]
[WhiteElo "1867"]
[BlackElo "2019"]
[PlyCount "43"]
[EventDate "2015.10.17"]
[EventType "team-tourn"]
[EventRounds "11"]
[EventCountry "SVK"]
[SourceTitle "CBM 170 Extra"]
[Source "ChessBase"]
[SourceDate "2016.02.25"]
[SourceVersion "1"]
[SourceVersionDate "2016.02.25"]
[SourceQuality "1"]
[WhiteTeam "Kosice 1 CC"]
[BlackTeam "Kosice Dynamo"]
[WhiteTeamCountry "SVK"]
[BlackTeamCountry "SVK"]

1. Nf3 d5 2. c4 c6 3. e3 Nf6 4. Nc3 g6 5. b3 Bg7 6. d4 Ne4 7. Bb2 Bg4 8. Bd3 Nxc3 9. Bxc3 0-0 10. h3 Bxf3 11. gxf3 c5 12. cxd5 cxd4 13. exd4 Qxd5 14. Be4 Qd7 15. Rc1 Nc6 16. d5 Bxc3+ 17. Rxc3 Nb4 18. a3 Na6 19. h4 Rad8 20. h5 f5 21. Bd3 Qxd5 22. Bc4 1-0

[Event "SVK-chT2D 1516"]
[Site "Slovakia"]
[Date "2015.10.18"]
[Round "2.6"]
[White "Jusko, Peter"]
[Black "Valentik, Roman"]
[Result "1/2-1/2"]
[WhiteElo "1921"]
[BlackElo "1867"]
[PlyCount "46"]
[EventDate "2015.10.17"]
[EventType "team-tourn"]
[EventRounds "11"]
[EventCountry "SVK"]
[SourceTitle "CBM 169 Extra"]
[Source "ChessBase"]
[SourceDate "2015.12.18"]
[SourceVersion "1"]
[SourceVersionDate "2015.12.18"]
[SourceQuality "1"]
[WhiteTeam "Sabinov II"]
[BlackTeam "Kosice 1 CC"]
[WhiteTeamCountry "SVK"]
[BlackTeamCountry "SVK"]

1. d4 f5 2. Nc3 Nf6 3. Bg5 d5 4. Bxf6 exf6 5. e3 c6 6. Bd3 g6 7. h4 Bb4 8. Nge2 Be6 9. a3 Ba5 10. b4 Bc7 11. Na4 b6 12. b5 h5 13. Rc1 0-0 14. g3 Qe7 15. Ra1 Kg7 16. Nf4 Bf7 17. 0-0 Rh8 18. bxc6 Nxc6 19. Nc3 Rad8 20. Be2 g5 21. hxg5 fxg5 22. Ng2 g4 23. Bd3 Be6 1/2-1/2

[Event "SVK-ch op"]
[Site "Banska Stiavnica"]
[Date "2015.07.11"]
[Round "8"]
[White "Drugda, Milos"]
[Black "Valentik, Roman"]
[Result "1-0"]
[WhiteElo "1985"]
[BlackElo "1892"]
[PlyCount "53"]
[EventDate "2015.07.04"]
[EventType "swiss"]
[EventRounds "9"]
[EventCountry "SVK"]
[SourceTitle "CBM 167 Extra"]
[Source "ChessBase"]
[SourceDate "2015.09.14"]
[SourceVersion "1"]
[SourceVersionDate "2015.09.14"]
[SourceQuality "1"]

1. e4 e5 2. Nf3 Nc6 3. Bb5 a6 4. Ba4 Nf6 5. 0-0 b5 6. Bb3 Be7 7. Re1 0-0 8. d4 d6 9. c3 Bg4 10. Be3 Nxe4 11. Bd5 Nxf2 12. Bxf2 Qd7 13. dxe5 dxe5 14. Bxc6 Qxc6 15. Nxe5 Qxg2+ 16. Kxg2 Bxd1 17. Rxd1 Bd6 18. Nf3 Rae8 19. Nbd2 Re6 20. Re1 Rg6+ 21. Kh1 f5 22. Rg1 Rh6 23. Bd4 g6 24. Be5 Bc5 25. Bf4 Rh5 26. Rg5 Rh3 27. Kg2 1-0

[Event "SVK-ch op"]
[Site "Banska Stiavnica"]
[Date "2015.07.08"]
[Round "5"]
[White "Toma, Rudolf"]
[Black "Valentik, Roman"]
[Result "1/2-1/2"]
[WhiteElo "2072"]
[BlackElo "1892"]
[PlyCount "62"]
[EventDate "2015.07.04"]
[EventType "swiss"]
[EventRounds "9"]
[EventCountry "SVK"]
[SourceTitle "CBM 167 Extra"]
[Source "ChessBase"]
[SourceDate "2015.09.14"]
[SourceVersion "1"]
[SourceVersionDate "2015.09.14"]
[SourceQuality "1"]

1. d4 Nf6 2. c4 c5 3. Nf3 cxd4 4. Nxd4 e6 5. Nc3 a6 6. e4 Nc6 7. Be3 Bb4 8. Qc2 Ng4 9. 0-0-0 Nxe3 10. fxe3 Qg5 11. Qd2 0-0 12. Nc2 Bc5 13. a3 Na5 14. Kb1 Nb3 15. Qf2 b5 16. Ka2 bxc4 17. Bxc4 Na5 18. Be2 Nc6 19. h4 Qe5 20. Qf4 a5 21. Bb5 Qb8 22. h5 Nb4+ 23. Nxb4 Qxf4 24. exf4 axb4 25. Nb1 bxa3 26. Nxa3 Bb7 27. Rhe1 d5 28. Rc1 Bxa3 29. bxa3 dxe4 30. Bc6 Bxc6 31. Rxc6 Ra5 1/2-1/2

[Event "SVK-chT2D 14/15"]
[Site "Slovakia"]
[Date "2014.12.07"]
[Round "6.2"]
[White "Valentik, Roman"]
[Black "Husek, Zdenek"]
[Result "1/2-1/2"]
[WhiteElo "1837"]
[BlackElo "2011"]
[PlyCount "38"]
[EventDate "2014.10.11"]
[EventType "team-tourn"]
[EventRounds "11"]
[EventCountry "SVK"]
[SourceTitle "EXT 2019"]
[Source "ChessBase"]
[SourceDate "2018.10.10"]
[SourceVersion "1"]
[SourceVersionDate "2018.10.10"]
[SourceQuality "1"]
[WhiteTeam "Kosice 1 CC"]
[BlackTeam "Kosice Slavia UPJS III"]
[WhiteTeamCountry "SVK"]
[BlackTeamCountry "SVK"]

1. Nf3 Nf6 2. b3 e6 3. Nc3 d5 4. e3 Be7 5. Bb2 c5 6. Ne2 Nc6 7. Ng3 0-0 8. Ne5 Nxe5 9. Bxe5 Nd7 10. Bb2 Bf6 11. c3 g6 12. Bd3 Ne5 13. Bb1 Nc6 14. 0-0 b6 15. f4 Ba6 16. Ne2 e5 17. fxe5 Nxe5 18. d4 Ng4 19. Rf3 Bg5 1/2-1/2

[Event "SVK-chT2D 1314"]
[Site "Slovakia"]
[Date "2014.02.23"]
[Round "9.7"]
[White "Valentik, Roman"]
[Black "Recky, Norbert"]
[Result "0-1"]
[WhiteElo "1848"]
[BlackElo "1830"]
[PlyCount "116"]
[EventDate "2013.10.19"]
[EventType "team-tourn"]
[EventRounds "11"]
[EventCountry "SVK"]
[SourceTitle "EXT 2015"]
[Source "ChessBase"]
[SourceDate "2014.11.20"]
[SourceVersion "1"]
[SourceVersionDate "2014.11.20"]
[SourceQuality "1"]
[WhiteTeam "Kosice Tahanovce"]
[BlackTeam "Spisska Nova Ves"]
[WhiteTeamCountry "SVK"]
[BlackTeamCountry "SVK"]

1. f4 c5 2. e3 g6 3. Nf3 Bg7 4. Nc3 e6 5. b3 Ne7 6. Bb2 0-0 7. Bd3 a6 8. 0-0 Nbc6 9. a3 b5 10. Rb1 Bb7 11. Ng5 d5 12. Qg4 h6 13. Nf3 Bc8 14. Ne5 Nxe5 15. fxe5 Bxe5 16. Nxd5 exd5 17. Qh4 Bxb2 18. Rxb2 Nf5 19. Qf4 Qd6 20. Qf2 Be6 21. Rbb1 Qe5 22. Rbe1 c4 23. bxc4 bxc4 24. Be2 Ne7 25. Qh4 Nf5 26. Qf2 Kg7 27. g4 Nd6 28. d4 cxd3 29. cxd3 Qg5 30. h4 Qe7 31. Bf3 f5 32. gxf5 Nxf5 33. h5 Qg5+ 34. Bg2 Nh4 35. Qb2+ Kg8 36. hxg6 Bh3 37. g7 Rxf1+ 38. Rxf1 Qxg2+ 39. Qxg2 Bxg2 40. Rf4 Ng6 41. Rg4 Kxg7 42. Kxg2 h5 43. Rd4 Ne7 44. Kh3 Rb8 45. e4 Rb5 46. Ra4 a5 47. Kh4 Kh6 48. Kg3 Kg5 49. Kh3 Ng6 50. Kg3 h4+ 51. Kf3 dxe4+ 52. Kxe4 Kg4 53. Rc4 h3 54. d4 h2 55. Rc1 Rb2 56. d5 Rd2 57. a4 Ne7 58. Ke3 Rxd5 0-1

[Event "SVK-chT2D 1314"]
[Site "Slovakia"]
[Date "2014.01.11"]
[Round "5.5"]
[White "Jusko, Peter"]
[Black "Valentik, Roman"]
[Result "1-0"]
[WhiteElo "1890"]
[BlackElo "1848"]
[PlyCount "75"]
[EventDate "2013.10.19"]
[EventType "team-tourn"]
[EventRounds "11"]
[EventCountry "SVK"]
[SourceTitle "EXT 2015"]
[Source "ChessBase"]
[SourceDate "2014.11.20"]
[SourceVersion "1"]
[SourceVersionDate "2014.11.20"]
[SourceQuality "1"]
[WhiteTeam "Sabinov II"]
[BlackTeam "Kosice Tahanovce"]
[WhiteTeamCountry "SVK"]
[BlackTeamCountry "SVK"]

1. d4 Nf6 2. c4 e6 3. Nc3 Be7 4. Nf3 0-0 5. e4 c6 6. Bd3 d5 7. e5 Ne8 8. 0-0 f6 9. Be3 fxe5 10. Nxe5 Nf6 11. Rc1 Nbd7 12. f4 dxc4 13. Bxc4 Nd5 14. Qd3 N7f6 15. Rce1 Nxc3 16. bxc3 Nd5 17. Bb3 Bd6 18. Bc2 Qh4 19. g3 Qh3 20. Nf3 Qf5 21. Qd2 Qg4 22. Kg2 Bxf4 23. Bxf4 Nxf4+ 24. Kh1 Nh5 25. Qg2 Nf6 26. Ne5 Qh5 27. Rf4 Qg5 28. Qh3 h6 29. Ng6 Qd5+ 30. Be4 Qxa2 31. Nxf8 Kxf8 32. Rxf6+ gxf6 33. Qxh6+ Ke7 34. Qg7+ Kd6 35. Qf8+ Kc7 36. Qxf6 Qa5 37. Qf4+ Kd8 38. Qd6+ 1-0

[Event "SVK-chT2D 1314"]
[Site "Slovakia"]
[Date "2013.11.24"]
[Round "4.6"]
[White "Butala, Stefan"]
[Black "Valentik, Roman"]
[Result "0-1"]
[WhiteElo "1942"]
[BlackElo "1848"]
[PlyCount "96"]
[EventDate "2013.10.19"]
[EventType "team-tourn"]
[EventRounds "11"]
[EventCountry "SVK"]
[SourceTitle "EXT 2015"]
[Source "ChessBase"]
[SourceDate "2014.11.20"]
[SourceVersion "1"]
[SourceVersionDate "2014.11.20"]
[SourceQuality "1"]
[WhiteTeam "Velke Kapusany"]
[BlackTeam "Kosice Tahanovce"]
[WhiteTeamCountry "SVK"]
[BlackTeamCountry "SVK"]

1. d4 f5 2. Nc3 e6 3. e4 fxe4 4. Nxe4 Nf6 5. Bd3 b6 6. Nf3 Bb7 7. Qe2 Nc6 8. c3 Qe7 9. a4 e5 10. Bg5 exd4 11. Bxf6 gxf6 12. Nxf6+ Kd8 13. Ne4 dxc3 14. Nxc3 Nb4 15. 0-0 Nxd3 16. Qxd3 Rg8 17. g3 Qf6 18. Nd2 h5 19. Nce4 Qf5 20. f3 a5 21. Rfe1 Bb4 22. Re3 Ba6 23. Qb3 d5 24. Rd1 c6 25. Kg2 Kc7 26. Nf2 Bc5 27. Ree1 Rae8 28. Nf1 Be2 29. Rc1 Bb4 30. Rxe2 Rxe2 31. Ne3 Qe6 32. Nxd5+ Kb7 33. Qc4 Bc5 34. Rf1 cxd5 35. Qd3 Rg7 36. b4 Bxb4 37. Kh1 Bc5 38. Ne4 Rxe4 39. fxe4 Qxe4+ 40. Qxe4 dxe4 41. Kg2 e3 42. Rf5 h4 43. Kf3 hxg3 44. hxg3 e2 45. Re5 Bd6 46. Re6 e1Q 47. Rxe1 Rxg3+ 48. Kf2 Ra3 0-1

[Event "SVK-chT2D 1213"]
[Site "Slovakia"]
[Date "2013.02.17"]
[Round "9.6"]
[White "Durica, Daniel"]
[Black "Valentik, Roman"]
[Result "1-0"]
[WhiteElo "2002"]
[BlackElo "1784"]
[PlyCount "128"]
[EventDate "2012.10.13"]
[EventType "team-tourn"]
[EventRounds "11"]
[EventCountry "SVK"]
[SourceTitle "EXT 2015"]
[Source "ChessBase"]
[SourceDate "2014.11.20"]
[SourceVersion "1"]
[SourceVersionDate "2014.11.20"]
[SourceQuality "1"]
[WhiteTeam "Presov Tatran Dason"]
[BlackTeam "Kosice SK"]
[WhiteTeamCountry "SVK"]
[BlackTeamCountry "SVK"]

1. d4 d5 2. e4 c6 3. Nc3 e6 4. e5 Ne7 5. g4 Ng6 6. Be3 Bd7 7. f4 Be7 8. Nf3 Qa5 9. Bd3 Na6 10. 0-0 Nb4 11. Be2 c5 12. Kh1 h5 13. g5 cxd4 14. Nxd4 Nh4 15. a3 Nc6 16. b4 Qd8 17. Ncb5 Nxd4 18. Nxd4 g6 19. Qe1 Nf5 20. Nxf5 exf5 21. Bd4 Be6 22. Bb5+ Kf8 23. Be2 Kg7 24. c3 Qc7 25. Qf2 b6 26. a4 Qb7 27. a5 Bd8 28. axb6 Bxb6 29. Ra6 Bxd4 30. Qxd4 Rhc8 31. Rfa1 Qc7 32. R1a3 Kh7 33. Bb5 Qb7 34. Be2 Bd7 35. Rxa7 Rxa7 36. Rxa7 Qc6 37. b5 Qe6 38. c4 Qe8 39. cxd5 Rc1+ 40. Kg2 Bxb5 41. e6 Bxe2 42. Rxf7+ Qxf7 43. exf7 Rc8 44. d6 Bb5 45. d7 Bxd7 46. Qxd7 Rf8 47. Qe7 Kg7 48. Qf6+ Kh7 49. Kh3 h4 50. Kxh4 Rc8 51. Kg3 Ra8 52. f8N+ Rxf8 53. Qe7+ Kg8 54. h4 Rf7 55. Qe8+ Kg7 56. h5 gxh5 57. Kh4 Rf8 58. Qe5+ Kg6 59. Qe6+ Kg7 60. Qh6+ Kg8 61. g6 Rf6 62. Qh7+ Kf8 63. Qh8+ Ke7 64. Qg7+ Ke6 1-0

[Event "SVK-chT2D 1213"]
[Site "Slovakia"]
[Date "2013.02.16"]
[Round "8.8"]
[White "Valentik, Roman"]
[Black "Pavlik, Milan"]
[Result "0-1"]
[WhiteElo "1784"]
[BlackElo "1865"]
[PlyCount "80"]
[EventDate "2012.10.13"]
[EventType "team-tourn"]
[EventRounds "11"]
[EventCountry "SVK"]
[SourceTitle "EXT 2015"]
[Source "ChessBase"]
[SourceDate "2014.11.20"]
[SourceVersion "1"]
[SourceVersionDate "2014.11.20"]
[SourceQuality "1"]
[WhiteTeam "Kosice SK"]
[BlackTeam "Sabinov II"]
[WhiteTeamCountry "SVK"]
[BlackTeamCountry "SVK"]

1. f4 d5 2. e3 Nf6 3. Nf3 g6 4. b3 Bg7 5. Bb2 0-0 6. Be2 c5 7. 0-0 Nc6 8. a3 Bd7 9. Ne5 d4 10. Nxd7 Qxd7 11. Bd3 e5 12. exd4 e4 13. d5 exd3 14. dxc6 dxc2 15. Qxc2 Qxc6 16. d4 Rac8 17. dxc5 Qxc5+ 18. Qxc5 Rxc5 19. Bd4 Rc2 20. Nc3 Rd8 21. Rf2 Rxf2 22. Bxf2 Ne4 23. Rd1 Nd2 24. Ne4 Nf3+ 25. gxf3 Rxd1+ 26. Kg2 Bd4 27. Bg3 f5 28. Nd6 Rd3 29. b4 Rxa3 30. Nxb7 Rb3 31. Be1 Rb1 32. Bg3 Rxb4 33. Na5 Rb2+ 34. Kf1 Bb6 35. Nc4 Rb4 36. Nxb6 Rxb6 37. Ke2 a5 38. Be1 a4 39. Bc3 a3 40. Kd2 a2 0-1

[Event "SVK-chT2D 1213"]
[Site "Slovakia"]
[Date "2012.12.16"]
[Round "6.7"]
[White "Stec, Juraj"]
[Black "Valentik, Roman"]
[Result "0-1"]
[WhiteElo "2009"]
[BlackElo "1784"]
[PlyCount "46"]
[EventDate "2012.10.13"]
[EventType "team-tourn"]
[EventRounds "11"]
[EventCountry "SVK"]
[SourceTitle "EXT 2015"]
[Source "ChessBase"]
[SourceDate "2014.11.20"]
[SourceVersion "1"]
[SourceVersionDate "2014.11.20"]
[SourceQuality "1"]
[WhiteTeam "Kosice Slavia TU IV"]
[BlackTeam "Kosice SK"]
[WhiteTeamCountry "SVK"]
[BlackTeamCountry "SVK"]

1. e4 e5 2. Nf3 Nc6 3. c3 d5 4. Bb5 Bg4 5. Qa4 Bxf3 6. Bxc6+ bxc6 7. Qxc6+ Ke7 8. gxf3 dxe4 9. Qxe4 Nf6 10. Qxe5+ Kd7 11. d4 Bd6 12. Qf5+ Kc6 13. 0-0 Rb8 14. Nd2 Rb5 15. Qc2 Rh5 16. Qa4+ Kb7 17. Nc4 Bxh2+ 18. Kg2 Nd5 19. Qb5+ Kc8 20. Qa6+ Kd7 21. Rh1 Qh4 22. Ne5+ Ke7 23. Ng4 Qh3# 0-1

[Event "SVK-chT2D 1112"]
[Site "Slovakia"]
[Date "2011.10.09"]
[Round "2.1"]
[White "Valentik, Roman"]
[Black "Koval, Maros"]
[Result "0-1"]
[WhiteElo "1797"]
[BlackElo "2094"]
[PlyCount "118"]
[EventDate "2011.10.08"]
[EventType "team-tourn"]
[EventRounds "11"]
[EventCountry "SVK"]
[SourceTitle "EXT 2013"]
[Source "ChessBase"]
[SourceDate "2012.11.22"]
[SourceVersion "1"]
[SourceVersionDate "2012.11.22"]
[SourceQuality "1"]
[WhiteTeam "Kosice Slavia TU"]
[BlackTeam "Presov Tatran Dason"]
[WhiteTeamCountry "SVK"]
[BlackTeamCountry "SVK"]

1. e4 d6 2. d4 Nf6 3. Nc3 g6 4. f4 Bg7 5. Nf3 0-0 6. e5 Nfd7 7. h4 c5 8. h5 cxd4 9. Qxd4 dxe5 10. Qf2 exf4 11. hxg6 hxg6 12. Qh4 Nf6 13. Bxf4 Qa5 14. Bg5 Nh5 15. Bd2 Qf5 16. 0-0-0 Nc6 17. Bd3 Qg4 18. Qf2 Nb4 19. Rh4 Nxd3+ 20. cxd3 Qg3 21. Qe2 Bg4 22. Rhh1 Qc7 23. Qe3 Rfd8 24. Rh4 Be6 25. g4 Nf6 26. Kb1 Bxg4 27. Rdh1 Rxd3 28. Qxd3 Bf5 29. Ne4 Nxe4 30. Rxe4 Rd8 31. Qe3 Qb6 32. Kc1 Qxb2+ 33. Kd1 Qb1+ 34. Ke2 Qxe4 35. Rh4 Qxe3+ 36. Bxe3 b6 37. Ra4 Rd7 38. Nd4 Bxd4 39. Bxd4 f6 40. Be3 e5 41. Ra3 Kf7 42. Rc3 Be6 43. a4 Bd5 44. Bf2 g5 45. Rh3 Kg6 46. Ra3 f5 47. a5 b5 48. a6 f4 49. Bc5 g4 50. Kf2 g3+ 51. Kg1 Kf5 52. Rd3 e4 53. Rd1 f3 54. Bxa7 Rxa7 55. Rxd5+ Kf4 56. Rxb5 Rxa6 57. Rb1 Ra4 58. Kf1 e3 59. Ke1 g2 0-1

[Event "Kosice Kotan Memorial 3rd"]
[Site "Kosice"]
[Date "2011.06.30"]
[Round "7"]
[White "Pejko, Otomar"]
[Black "Valentik, Roman"]
[Result "1-0"]
[WhiteElo "2187"]
[BlackElo "1743"]
[PlyCount "92"]
[EventDate "2011.06.25"]
[EventType "swiss"]
[EventRounds "9"]
[EventCountry "SVK"]
[SourceTitle "EXT 2012"]
[Source "ChessBase"]
[SourceDate "2011.11.24"]
[SourceVersion "1"]
[SourceVersionDate "2011.11.24"]
[SourceQuality "1"]

1. e4 e5 2. Nf3 Nc6 3. c3 Be7 4. d4 d6 5. Bb5 Bd7 6. Qe2 Nf6 7. Nbd2 exd4 8. cxd4 0-0 9. d5 Nb8 10. 0-0 c6 11. dxc6 Nxc6 12. h3 Qc8 13. Nb3 a6 14. Bd3 Re8 15. Bd2 Bd8 16. Rfe1 Bc7 17. Bg5 Kh8 18. Qd2 Nh5 19. Nh2 Rg8 20. Be2 f6 21. Bxh5 fxg5 22. Qxg5 Ne5 23. Ng4 Bd8 24. Nxe5 dxe5 25. Qxe5 Bf6 26. Qg3 Bxb2 27. Rab1 Ba3 28. Nd4 Qc5 29. Bf7 Rgf8 30. Ne6 Bxe6 31. Bxe6 Qe7 32. Bd5 Rab8 33. f3 b5 34. Kh1 Bd6 35. e5 Bc7 36. f4 Rb6 37. Be4 Rh6 38. Rbc1 Ba5 39. Rf1 Bd2 40. Rcd1 Qb4 41. f5 Bc3 42. Rd7 g6 43. Qf4 Rh5 44. fxg6 Rf7 45. Rd8+ Kg7 46. Qxf7+ Kh6 1-0

[Event "Kosice Kotan Memorial 3rd"]
[Site "Kosice"]
[Date "2011.06.25"]
[Round "1"]
[White "Gorbatenko, Kateryna"]
[Black "Valentik, Roman"]
[Result "1-0"]
[WhiteElo "2145"]
[BlackElo "1743"]
[PlyCount "99"]
[EventDate "2011.06.25"]
[EventType "swiss"]
[EventRounds "9"]
[EventCountry "SVK"]
[SourceTitle "EXT 2012"]
[Source "ChessBase"]
[SourceDate "2011.11.24"]
[SourceVersion "1"]
[SourceVersionDate "2011.11.24"]
[SourceQuality "1"]

1. d4 b5 2. e4 Bb7 3. Bxb5 Bxe4 4. Nf3 a6 5. Ba4 e6 6. 0-0 Nf6 7. c4 Be7 8. Nc3 Bg6 9. Ne5 c6 10. d5 cxd5 11. cxd5 Qa5 12. Nxg6 hxg6 13. dxe6 fxe6 14. Bf4 Qb4 15. Qf3 Nc6 16. Bxc6 dxc6 17. Qxc6+ Kf7 18. Rfe1 Qxf4 19. Qxe6+ Kf8 20. Qxe7+ Kg8 21. Qe6+ Kf8 22. Qe7+ Kg8 23. Qe5 Qd2 24. Re2 Qh6 25. Nd5 Rf8 26. Re3 Rh7 27. Ne7+ Kh8 28. Rh3 Ng4 29. Rxh6 Nxe5 30. Nxg6+ Nxg6 31. Rxg6 a5 32. Rd1 Rb8 33. Rgd6 Rh5 34. Rd8+ Rxd8 35. Rxd8+ Kh7 36. g3 Rc5 37. Kg2 Rc2 38. Rd5 a4 39. Rd4 Rxb2 40. Rxa4 Rb6 41. h4 Kg6 42. Ra5 Kf6 43. g4 g6 44. Kg3 Rb1 45. f3 Rg1+ 46. Kf4 Rh1 47. Ra6+ Kf7 48. Kg5 Rh2 49. a4 Ra2 50. f4 1-0

[Event "SVK-chT2D 10/11"]
[Site "Slovakia"]
[Date "2010.12.04"]
[Round "3.4"]
[White "Valentik, Roman"]
[Black "Sosa, Pavol"]
[Result "1/2-1/2"]
[WhiteElo "1735"]
[BlackElo "1831"]
[PlyCount "89"]
[EventDate "2010.10.23"]
[EventType "team-tourn"]
[EventRounds "11"]
[EventCountry "SVK"]
[SourceTitle "EXT 2019"]
[Source "ChessBase"]
[SourceDate "2018.10.10"]
[SourceVersion "1"]
[SourceVersionDate "2018.10.10"]
[SourceQuality "1"]
[WhiteTeam "Kosice 1 CC"]
[BlackTeam "Presov Tatran"]
[WhiteTeamCountry "SVK"]
[BlackTeamCountry "SVK"]

1. e4 c5 2. Nf3 d6 3. d4 cxd4 4. Nxd4 Nf6 5. Nc3 a6 6. Be2 e6 7. 0-0 Be7 8. Be3 Nc6 9. f4 0-0 10. Qd2 Bd7 11. g4 Rc8 12. g5 Ne8 13. Rf2 Nxd4 14. Bxd4 Bc6 15. Be3 b5 16. a3 Bb7 17. h4 d5 18. e5 Bc5 19. Bd4 Qb6 20. Rd1 g6 21. Bg4 Ng7 22. Ne2 Qc6 23. c3 Rfd8 24. Rh2 Rc7 25. Kf2 Ra8 26. Rdh1 Rf8 27. h5 Ne8 28. Qc2 Bxd4+ 29. Nxd4 Qb6 30. Ke3 Ng7 31. hxg6 fxg6 32. Rxh7 Nf5+ 33. Qxf5 exf5 34. Rh8+ Kf7 35. R1h7+ Ke8 36. Rxf8+ Kxf8 37. Rxc7 fxg4 38. Rh7 Kg8 39. Rd7 a5 40. Rd6 Qc5 41. Rd8+ Kf7 42. Rd7+ Ke8 43. Rxb7 Qc4 44. Rb8+ Ke7 45. Rb7+ 1/2-1/2